Príčinná súvislosť ako predpoklad vzniku zodpovednosti štatutárneho orgánu kapitálovej spoločnosti za škodu spôsobenú pri výkone funkcie vo svetle rekodifikácie

Bibliographic Details
Main Author: Ušiaková, Lenka, 1984- (Author)
Format: Article
Language:Slovak
ISBN:9788055710747
Subjects:

MARC

LEADER 00000naa a2200000 a 4500
001 vtls011734892
003 SK-MaSNL
005 20260302143241.0
008 180108 2015 xo 100 b slo
015 |a SNBRA 2015  |2 svkbbbg 
038 |a SVKBBBG 
040 |a SVKBBBG  |b slo  |c SVKBBBG  |e AACR2 
041 0 |a slo  |g eng 
044 |a xo  |c SK 
072 7 |a 347.7  |x Obchodné právo. Finančné právo. Právo priemyselného vlastníctva. Patentové právo. Autorské právo  |2 konspekt 
080 |a 347.7  |2 2011 
080 |a 347.72  |2 2001 
100 1 |a Ušiaková, Lenka,  |d 1984-  |4 aut  |9 253778 
245 1 0 |a Príčinná súvislosť ako predpoklad vzniku zodpovednosti štatutárneho orgánu kapitálovej spoločnosti za škodu spôsobenú pri výkone funkcie vo svetle rekodifikácie  |c Lenka Ušiaková 
504 |a Bibliogr. odkazy ; pozn. 
650 0 7 |a obchodné právo  |2 SNKPH  |9 2216 
650 0 7 |a kapitálové spoločnosti  |2 SNKPH  |9 78733 
650 0 7 |a zodpovednosť za škodu  |2 SVKBBPH  |9 4613 
773 0 |t Interpolis`15 : zborník vedeckých prác  |d Banská Bystrica : Belianum, 2015  |g S. 431-436  |z 9788055710747 
852 |a SVKBB  |b KIS3GCP 
958 |a NB 
999 |c 1343421  |d 1345351